Sherlock Holmes and the sport of kings / (Record no. 2774)

MARC details
000 -LEADER
fixed length control field 01595cam a2200337 a 4500
005 - DATE AND TIME OF LATEST TRANSACTION
control field 20240115095747.0
020 ## - INTERNATIONAL STANDARD BOOK NUMBER
International Standard Book Number 9780194789202 (pbk.)
040 ## - CATALOGING SOURCE
Original cataloging agency DLC
Transcribing agency DLC
Modifying agency DLC
Language of cataloging eng
050 00 - LIBRARY OF CONGRESS CALL NUMBER
Classification number PE1126.A4
Item number B3769 2008
082 00 - DEWEY DECIMAL CLASSIFICATION NUMBER
Classification number 428.6
Edition number 22
100 1# - MAIN ENTRY--PERSONAL NAME
Personal name Bassett, Jennifer
245 10 - TITLE STATEMENT
Title Sherlock Holmes and the sport of kings /
Statement of responsibility, etc. retold by Jennifer Bassett ; illustrated by Ron Tiner.
250 ## - EDITION STATEMENT
Edition statement This simplified edition Oxford University Press 2008
260 ## - PUBLICATION, DISTRIBUTION, ETC.
Place of publication, distribution, etc. Oxford ;
-- New York :
Name of publisher, distributor, etc. Oxford University Press,
Date of publication, distribution, etc. 2008
300 ## - PHYSICAL DESCRIPTION
Extent 56 pages :
Other physical details illustrations ;
Dimensions 20 cm
490 0# - SERIES STATEMENT
Series statement Oxford Bookworms Library ; Stage 1, Crime & Mystery
500 ## - GENERAL NOTE
General note "First published in Oxford Bookworms, 2003"--T.p. verso.
505 0# - FORMATTED CONTENTS NOTE
Formatted contents note K
520 ## - SUMMARY, ETC.
Summary, etc. The Bookworms series offers six graded stages provide more than 130 stories at different levels of ability. The lower levels feature a wide choice of original stories, while the higher levels feature adaptations of well-known works originally published for native speakers. There are titles to suit all tastes: fantasy and horror; thriller and adventure; classics; true stories; crime and mystery; human interest.
521 ## - TARGET AUDIENCE NOTE
Target audience note 550
Source Lexile
521 ## - TARGET AUDIENCE NOTE
Target audience note K
Source Raz-Plus
650 #0 - SUBJECT ADDED ENTRY--TOPICAL TERM
Topical term or geographic name entry element Readers (Adult)
650 #0 - SUBJECT ADDED ENTRY--TOPICAL TERM
Topical term or geographic name entry element English language
Form subdivision Textbooks for foreign speakers.
650 #0 - SUBJECT ADDED ENTRY--TOPICAL TERM
Topical term or geographic name entry element Reading comprehension
Form subdivision Problems, exercises, etc.
655 #7 - INDEX TERM--GENRE/FORM
Genre/form data or focus term Mystery fiction.
Source of term gsafd
700 1# - ADDED ENTRY--PERSONAL NAME
Personal name Doyle, Arthur Conan,
Dates associated with a name 1859-1930
700 1# - ADDED ENTRY--PERSONAL NAME
Personal name Tiner, Ron.
Relator term illustrator
906 ## - LOCAL DATA ELEMENT F, LDF (RLIN)
a 7
b cbc
c orignew
d 2
e ncip
f 20
g y-gencatlg
942 ## - ADDED ENTRY ELEMENTS (KOHA)
Source of classification or shelving scheme Dewey Decimal Classification
Koha item type Books
Suppress in OPAC No
999 ## -
-- 2774
-- 2774
Holdings
Withdrawn status Lost status Source of classification or shelving scheme Damaged status Not for loan Collection Home library Current library Shelving location Date acquired Total Checkouts Full call number Barcode Date last seen Date last checked out Price effective from Koha item type
    Dewey Decimal Classification     Fiction Footprints International School Library Network Toul Kork Campus Footprints International School Library Network Toul Kork Campus   01/15/2024 1 BAS 428.6 PE1126.A4 FIS00234 03/04/2024 02/05/2024 01/15/2024 Books